000 01663cam a2200445 a 4500
999 _c57975
_d57975
001 16339513
005 20210414135349.0
008 100719s2010 enka b 001 0 eng
010 _a 2010293366
015 _aGBA9B6120
_2bnb
016 7 _a015433352
_2Uk
020 _a9781403918741 (hbk.)
020 _a1403918740 (hbk.)
020 _a1403918759 (pbk.)
020 _a9781403918758 (pbk.)
035 _a(OCoLC)ocn464586306
040 _aUKM
_cUKM
_dBTCTA
_dYDXCP
_dBWKUK
_dBWK
_dBWX
_dNDD
_dEUM
_dGEBAY
_dDLC
042 _aukblcatcopy
_alccopycat
050 0 0 _aJN30
_b.L335 2010
080 _a32 L-13
082 0 4 _a320.94
_222
100 1 _aLadrech, Robert.
_911338
245 1 0 _aEuropeanization and national politics /
_cRobert Ladrech.
260 _aBasingstoke, Hampshire :
_bPalgrave Macmillan,
_cc2010.
300 _ax, 238 p. :
_bill. ;
_c23 cm.
490 1 _aThe European Union series
504 _aIncludes bibliographical references (p. 216-232) and index.
610 2 0 _aEuropean Union.
_911339
650 0 7 _aMitgliedsstaaten
_2swd
_911340
650 0 7 _aPolitik
_2swd
_911341
650 0 7 _aEuropäische Integration
_2swd
_911342
651 0 _aEuropean Union countries
_xPolitics and government.
_911343
651 7 _aEuropäische Union
_2swd
_911344
653 _aEuropeanization and national politics
653 _aევროპული და ეროვნული პოლიტიკა
830 0 _aEuropean Union series (Palgrave Macmillan (Firm))
_910495
906 _a7
_bcbc
_ccopycat
_d2
_encip
_f20
_gy-gencatlg
942 _2udc
_cBK
955 _bre11 2010-07-19 z-processor
_ire11 2010-08-06 to re09
_are09 2010-09-15 rev.